000 00521nam a2200205Ia 4500
005 20250508151039.0
008 008 250505s9999 xx 000 0 eng d
037 _aTextual
040 _aFEDL
_beng
_cFEDL
041 _aeng
_2eng
084 _a796, MAD
_qFEDL
245 0 _aRules of games and sports
245 0 _cYMCA
250 _a13
260 _aCalcutta, India
_bYMCA Publishing House
_c1953
300 _a358p
365 _aINR
_b3.8
942 _cTEXL
_h796, MAD
999 _c1327256
_d1327256